Síntesis de la historia económica argentina siglo xx : de roca a krieger vasena 1900-1969 /

Guardado en:
Autor Principal: Gregoratti, Horacio David
Formato: Libro
Publicado: Buenos Aires : Macchi
Materias:
Etiquetas: Agregar Etiqueta
Sin Etiquetas, Sea el primero en etiquetar este registro!
LEADER 00648nam a22001935a 4500
001 CEM.cems012630
005 20070823181252.0
008 130507b######################000#0#####d
003 CEMS
020 |a 9505374062 
082 0 4 |a 330.982 
100 1 |a Gregoratti, Horacio David 
245 1 0 |a Síntesis de la historia económica argentina siglo xx :  |b de roca a krieger vasena 1900-1969 /  |c Horacio David Gregoratti 
260 |a Buenos Aires :  |b Macchi 
300 |a 197 p. 
653 |a Argentina-historia económica 
653 |a Historia argentina 
653 |a Historia económica-1900-1969 
859 |a CEMS  |b BIB. CEMS - 11 de abril  |h 330.982  |i G861  |p 23958.07  |t Ej.1